| Tag |
First Indicator |
Second Indicator |
Subfields |
| LEADER |
00000cam a2200000Ii 4500 |
| 001 |
in00004156749 |
| 005 |
20200117102448.0 |
| 006 |
m o d |
| 007 |
cr cnu---unuuu |
| 008 |
190803s2020 enk ob 001 0 eng d |
| 020 |
|
|
|a 9781351041775
|q electronic book
|
| 020 |
|
|
|a 1351041770
|q electronic book
|
| 020 |
|
|
|a 9781351041782
|q electronic book
|
| 020 |
|
|
|a 1351041789
|q electronic book
|
| 020 |
|
|
|a 1351041762
|q electronic book
|
| 020 |
|
|
|a 9781351041751
|q electronic book ;
|q Mobipocket
|
| 020 |
|
|
|a 1351041754
|q electronic book ;
|q Mobipocket
|
| 020 |
|
|
|a 9781351041768
|q (electronic bk.)
|
| 024 |
8 |
|
|a 40029399546
|
| 035 |
|
|
|a (NhCcYBP)ybp16124172
|
| 037 |
|
|
|a 9781351041782
|b Taylor & Francis
|
| 040 |
|
|
|a NhCcYBP
|c NhCcYBP
|d UtOrBLW
|
| 050 |
|
4 |
|a HF5821.5
|b .B87 2020
|
| 072 |
|
7 |
|a LAN
|x 009000
|2 bisacsh
|
| 072 |
|
7 |
|a CFGR
|2 bicssc
|
| 082 |
0 |
4 |
|a 331.7/614
|2 23
|
| 245 |
0 |
4 |
|a The business of words :
|b wordsmiths, linguists, and other language workers /
|c edited by Crispin Thurlow.
|
| 264 |
|
1 |
|a Abingdon, Oxon ;
|a New York, NY :
|b Routledge,
|c 2020.
|
| 300 |
|
|
|a 1 online resource.
|
| 336 |
|
|
|a text
|b txt
|2 rdacontent
|
| 337 |
|
|
|a computer
|b c
|2 rdamedia
|
| 338 |
|
|
|a online resource
|b cr
|2 rdacarrier
|
| 504 |
|
|
|a Includes bibliographical references and index.
|
| 545 |
0 |
|
|a Crispin Thurlow is Professor of Language and Communication in the Department of English at the University of Bern, Switzerland.
|
| 505 |
0 |
|
|a <P>List of Contributors</P><P></P><P>Chapter 1 -- Crispin Thurlow</P><I><P>The (Grubby) Business of Words: What 'George Clooney' Tells Us</P></I><P></P><B><P>Part 1: Language Work and the Business of Words</P></B><P></P><P>Chapter 2 -- Alexandre Duchêne</P><I><P>Unequal Language Work(ers) in the Business of Words</P></I><P></P><P>Chapter 3 -- Helen Kelly-Holmes </P><I><P>The Linguistic Business of Marketing</P></I><P></P><B><P>Part 2: Wordsmiths and Professional Language Work</P></B><P></P><P>Chapter 4 -- Geert Jacobs</P><I><P>Unwriteable Discourse? Co-crafting the Language of Science News<BR></P></I><P>Chapter 5 -- Crispin Thurlow and David Britain</P><I><P>Voice Work: Learning About and From Dialect Coaches</P></I><P></P><P>Chapter 6 -- Adam Jaworski</P><I><P>EAT, LOVE and Other (Small) Stories: Tellability and Multimodality in Robert Indiana's Word Art</P></I><P></P><P>Chapter 7 -- Bronwen Innes </P><I><P>Judges as Wordsmiths: Crafting Clarity and Neutrality in Summing-up for Juries</P><P></P></I><P>Chapter 8 -- Jamie Moshin and Crispin Thurlow</P><I><P>Making (up) the News: The Artful Language Work of Journalists in 'Reporting' Taboo</P></I><B><P>Part 3: Linguists and Political Economies of Expertise </P></B><P></P><P>Chapter 9 -- Alexandra Jaffe</P><I><P>Framing Elite Knowledge in Shifting Linguistic Economies: The Case of Minority Language Translation</P></I><P></P><P>Chapter 10 -- Felictas Macgilchrist</P><I><P>Beyond the Academic 'But': The Pleasures and Politics of Collaborative Language Work in the Publishing Industry</P></I><P></P><P>Chapter 11 -- Enam Al Wer & Maria Fanis</P><I><P>The Commercialisation of Linguistic Expertise in the Asylum Vetting Process</P></I><P></P><P>Chapter 12 -- Elana Shohamy </P><I><P>Engaging with School Principals as Language Policy Workers</P></I><P></P><I><P>Index</P></I>
|
| 588 |
|
|
|a Description based on online resource; title from digital title page (viewed on October 01, 2019).
|
| 500 |
|
|
|a Electronic resource.
|
| 650 |
|
0 |
|a Language and languages in advertising.
|0 http://id.loc.gov/authorities/subjects/sh2018001248
|
| 650 |
|
0 |
|a Mass media and language.
|0 http://id.loc.gov/authorities/subjects/sh85081882
|
| 650 |
|
0 |
|a English language
|x Social aspects.
|0 http://id.loc.gov/authorities/subjects/sh85043696
|
| 650 |
|
0 |
|a Rhetoric
|x Social aspects.
|
| 655 |
|
7 |
|a Electronic books.
|2 local
|
| 700 |
1 |
|
|a Thurlow, Crispin,
|e editor.
|0 http://id.loc.gov/authorities/names/no2004024842
|
| 710 |
2 |
|
|a Taylor & Francis.
|0 http://id.loc.gov/authorities/names/n84073022
|
| 776 |
1 |
8 |
|i Print version:
|a Thurlow, Crispin.
|t Business of Words : Wordsmiths, Linguists, and Other Language Workers.
|d Milton : Routledge, ©2019
|z 9781138485266
|
| 856 |
4 |
0 |
|u http://proxy.library.tamu.edu/login?url=https://www.taylorfrancis.com/books/9781351041782
|z Connect to the full text of this electronic book
|t 0
|
| 955 |
|
|
|a YBP purchased approval e-records
|
| 980 |
|
|
|b 165.00
|g 1
|
| 999 |
f |
f |
|s 394ad0af-1444-3da9-9cf7-d33f92f6f9ab
|i 4afdc7d9-7846-3624-95f6-20aaf30d0df2
|t 0
|
| 952 |
f |
f |
|a Texas A&M University
|b College Station
|c Electronic Resources
|d Available Online
|t 0
|e HF5821.5 .B87 2020
|h Library of Congress classification
|
| 998 |
f |
f |
|a HF5821.5 .B87 2020
|t 0
|l Available Online
|